000
00254nam a2200097Ia 4500
001
793555
005
20250826170651.0
008
250824s9999 xx 000 0 und d
245
0
_a
PAMUK İPLİĞİNDEN HAYALLER
_c
MARIE BOSTWICK
260
_b
ARKADYA YAYINLARI
999
_c
793555
_d
793555